20 villes de Suisse les plus peuplées - Statistiques

Statistiques générales
  • Ce quiz a été pris 103 fois
  • Le résultat moyen est 10 sur 20
Statistiques - réponses
Hint Réponse % Correct
2 Genève
100%
5 Berne
99%
1 Zürich
99%
3 Bâle
91%
4 Lausanne
91%
11 Neuchâtel
68%
7 Lucerne
67%
9 Lugano
59%
8 St-Gall
59%
17 Fribourg
54%
6 Winterthour
36%
13 Thoune
35%
10 Bienne
33%
19 La Chaux-de-Fonds
28%
16 Schaffhouse
26%
15 Coire
25%
12 Bellinzone
23%
18 Vernier
8%
14 Köniz
7%
20 Uster
3%
Aucun quiz correspondant
Distribution des résultats
% des personnes avec chaque résultat
Percentile par nombre de réponses
Votre historique - résultats
Vous n’avez pas pris ce quiz